000 00963nam a2200217 i 4500
001 19995
003 ES-MaACL
005 20250803111243.0
007 t|
008 021106s1868 po b |||| | por d
100 1 _aRibeiro, Carlos.
_996751
245 1 0 _aRelatorio ácerca da arborisaçao geral do paiz apresentando a sus excellencia o ministro das obras publicas, commercio e industria em resposta aosquesitos do artigo 1º do Decreto de 21 de setembro de 1867 /
_c[Carlos Ribeiro, Joaquim Filippe Nery da Encarnaçao Delgado].
260 _aLisboa :
_b[s.n.],
_c1868 (
_fTyp. da Academia Real das Sciencias)
300 _a317 p., [2] h. de mapas pleg. ;
_c23 cm.
500 _aLos nombres de los autores constan en p. 2.
650 4 _aRepoblación forestal-
_zPortugal.
_9167305
700 1 _aDelgado, Joaquim Filipe Nery,
_d1835-1908
_943410
710 2 _aAcademia das Ciências de Lisboa.
_91159
852 _aES-MaACL
_jC-2847
999 _c19995
_d19995